Top 10 wódek w Polsce - Statystyki

Ogólne statystyki
  • Ten quiz został rozwiązany 112 razy
  • Średni wynik to 5 z 10
Statystyki odpowiedzi
Wódka % Poprawnych
Soplica
81%
Żubrówka Biała
78%
Finlandia
71%
Biały Bocian
67%
Żołądkowa Czysta De Lux
63%
Pan Tadeusz
60%
Wyborowa
47%
Ogiński
25%
Stumbras z kłosem
18%
Ostoya Vodka
4%
Nie znaleziono quizów pasujących do podanych kryteriów
Rozkład punktacji
Procent ludzi z każdym wynikiem
Percentyl według liczby udzielonych odpowiedzi
Twoja historia wyników
Nie rozwiązałeś tego quizu